000 00640nam a2200217 u 4500
005 20240228064330.0
008 181015s2005 r 000 0 eng d
020 _a956837700X
035 _aUPN01000227239
049 _aI
050 4 _aPZ78
_bP5.9
100 1 _aPiderit, Fernanda,
_d1971-
_936905
245 1 0 _aZampabollos y tragaollas /
_cTexto e il. Fernanda Piderit.
260 _aSantiago de Chile :
_bReCrea,
_c2005.
300 _a16 p. :
_bil. col.
440 0 _aCuenta y recrea
650 4 _aLibros y lectura para niños
_92290
650 7 _aLibros ilustrados para niños
_2
_921365
905 _aInfantil
999 _c199335
_d199335